| 000 | 01481 a2200169 4500 | ||
|---|---|---|---|
| 003 | Nust | ||
| 005 | 20221018143230.0 | ||
| 040 | _cNust | ||
| 082 | _a620,JAC | ||
| 100 |
_aJacobs,Dillard _9100638 |
||
| 245 |
_a10 Years : _ba story of the first century of vanderbilt university school of engineering 1875-1975 / _cDillare Jacobs |
||
| 260 |
_aNashville _bvanderbilt Alumni _c1975 |
||
| 300 | _a191:p | ||
| 505 | _aIn the Beginning (Page-3), Dark Clouds (Page-27), Dean Schuerman (Page-31), The University Hall Fire (Page-41), Tragedy on The Mississippi (Page-45), Fireball (Page-49), A Camp on the Mountain (Page-55), The Pranks of Youth (Page-58), The Skipper (Page-61), Doc Miser and Applied Math (Page-65), More about The Lewis Years (Page-67), The New Building (Page-75), The Interregnum (Page-77), A Search for Dollars and a Dean (Page-91), The Physical Campus (Page-105),The Shops (Page-110), The Open Houses (Page-113), The Women Engineers (Page-115), Engineers in Athletics (Page-124), Graduate Work (Page-133), Biomedical Engineering (Page-138), Chemical Engineering (Page-141), Civil Engineering (Page-145), Electrical Engineering (Page-148), Engineering Management (Page-155), Engineering Science (Page-157), Environmental and Water Resource Engineering (Page-159), Materials Science and Engineering (Page-159), Mechanical Engineering (Page-165), Systems and Information Science (Page-172), Socio-Engineering (Page-174). | ||
| 650 |
_aStory _9100639 |
||
| 942 |
_2ddc _cBK |
||
| 999 |
_c182334 _d182334 |
||